000 00487nam a2200193Ia 4500
005 20240823032241.0
008 240823s9999||||xx |||||||||||||| ||und||
020 _a978-93-8061-872-2
041 _aENGLISH
082 _A510.2462 Q1
100 _aGhosh B N
245 0 _aUnderstanding Engineering Humanities
250 _a2nd
260 _c2011
_b"Ane Books,New "
_aNew Delhi
500 _aTRANSFERED
650 _aManagement
_bManagement Studies
942 _cBK
999 _c193012
_d193012